La democracia ateniense
Guardat en:
| Autor principal: | |
|---|---|
| Format: | Llibre |
| Idioma: | espanyol |
| Publicat: |
Madrid
Alianza
1980
|
| Edició: | 2a. ed |
| Col·lecció: | Alianza Universidad
|
| Matèries: | |
| Etiquetes: |
Afegir etiqueta
Sense etiquetes, Sigues el primer a etiquetar aquest registre!
|
MARC
| LEADER | 00000nam a2200000 a 4500 | ||
|---|---|---|---|
| 001 | UCP2023 | ||
| 003 | CL-VaPUC | ||
| 008 | 990430e19800000SP |||||||||||||||||spa|d | ||
| 082 | 0 | 4 | |a 320.531 |b ROD |2 21 |
| 100 | 0 | |a Rodríguez Adrados, Francisco |e author |9 428418 | |
| 245 | 1 | 3 | |a La democracia ateniense |
| 250 | |a 2a. ed | ||
| 300 | |a 467 p | ||
| 942 | |c BK | ||
| 945 | |d 19990430 00:00:00 |a lriquelm | ||
| 260 | |a Madrid |b Alianza |c 1980 | ||
| 650 | 0 | |a Democracia |9 255256 | |
| 650 | 7 | |a SISTEMAS POLITICOS |2 CL-VaPUC |9 428419 | |
| 650 | 0 | |a Democratización |9 316630 | |
| 650 | 0 | |a Reforma política |9 349470 | |
| 650 | 0 | |a Filosofía antigua |9 255705 | |
| 650 | 0 | |a Ideologías |9 255200 | |
| 583 | |a last modification |c 19990430 00:00:00 |k Rodrigo Vera | ||
| 490 | 0 | |a Alianza Universidad | |
| 999 | |c 280635 |d 280633 | ||
| 952 | |0 0 |1 0 |4 0 |6 320_531000000000000_ROD_1980 |7 0 |8 A |9 321053 |a BIBHIS |b BIBHIS |d 2019-11-20 |i 1339664 |o 320.531 ROD 1980 |p 1339664 |r 2025-01-20 |w 2019-11-20 |y BK |k HIS | ||
| 952 | |0 0 |1 0 |4 0 |6 320_531000000000000_ROD_1980 |7 0 |8 A |9 321054 |a BIBHIS |b BIBHIS |d 2019-11-20 |i 1339672 |l 1 |o 320.531 ROD 1980 |p 1339672 |r 2025-01-20 |s 2023-05-10 |w 2019-11-20 |y BK |k HIS | ||
| 952 | |0 0 |1 0 |4 0 |6 320_531000000000000_ROD_1980 |7 0 |8 A |9 321055 |a BIBART |b BIBART |d 2019-11-20 |i 1204939 |o 320.531 ROD 1980 |p 1204939 |r 2025-03-13 |w 2019-11-20 |y BK |k ART | ||